English in the world Global rules, global rules
Saved in:
| Format: | Book |
|---|---|
| Language: | English |
| Published: |
Continuum.
2006
|
| Tags: |
Add Tag
No Tags, Be the first to tag this record!
|
MARC
| LEADER | 00000nam a22000007a 4500 | ||
|---|---|---|---|
| 008 | 211029b ||||| |||| 00| 0 eng d | ||
| 020 | |a 0826489060 | ||
| 245 | |a English in the world |b Global rules, global rules |c Edited by :Rubdy and Mario Saraceni |g vi, 218 p. : ill. | ||
| 260 | |b Continuum. |c 2006 |d Book |h London |i 650559 |i 650560. |l PE2751.EN3 |m English language--Foreign countries. |m English language--Study and teaching--Foreign speakers |m English language--Standardization. | ||
| 500 | |a Includes bibliographical references and indexes. | ||
| 942 | |a lcc |c BK |e Olagoke, M.A. |f 29/10/2021 | ||
| 952 | |0 0 |1 0 |2 lcc |4 0 |7 0 |9 3765 |a HOL |b HOL |d 2021-10-29 |o PE1628.G26. |p 2021-67497 |r 2021-10-29 00:00:00 |t 650559 |w 2021-10-29 |y BK | ||
| 952 | |0 0 |1 0 |2 lcc |4 0 |7 0 |9 3766 |a HOL |b HOL |d 2021-10-29 |o PE1628.G26. |p 2021-67498 |r 2021-10-29 00:00:00 |t 650560 |w 2021-10-29 |y BK | ||
| 952 | |0 0 |1 0 |2 lcc |4 0 |7 0 |9 3864 |a HOL |b RF |c LP |d 2021-11-10 |o PE1628.G26 |p 2021-67590 |r 2021-11-10 00:00:00 |t 660580 |w 2021-11-10 |y BK | ||
| 952 | |0 0 |1 0 |2 lcc |4 0 |6 PE1628 G26 |7 0 |9 3866 |a HOL |b HOL |c LP |d 2021-11-10 |l 0 |o PE1628.G26 |p 2021-67591 |r 2021-11-10 00:00:00 |t 691434 |w 2021-11-10 |y BK | ||
| 999 | |c 1876 |d 1876 | ||